Countries Closest to North Korea - Statistics

General Stats
  • This quiz has been taken 1,130 times
  • The average score is 18 of 20
Answer Stats
km country miles % Correct
0 South Korea 0
100%
0 China 0
99%
491 Japan 305
99%
0 Russia 0
98%
768 Mongolia 477
96%
2440 Vietnam 1515
95%
2766 Laos 1718
94%
2849 India 1770
93%
1439 Taiwan 894
93%
1941 Philippines 1206
92%
3014 Thailand 1872
91%
3203 Cambodia 1989
90%
2731 Myanmar 1696
89%
3359 Bhutan 2086
85%
3486 Malaysia 2165
85%
3092 Kazakhstan 1921
81%
3286 United States 2042
80%
3357 Bangladesh 2085
78%
3430 Palau 2130
61%
3348 Micronesia 2080
56%
No matching quizzes found
Score Distribution
Percent of People with Each Score
Percentile by Number Answered
Your Score History
You have not taken this quiz